Die verfassungsrechtliche Stellung der nichtehelichen Lebensgemeinschaft im Spannungsfeld zwischen Freiheits- und Gleichheitsrechten
| 1. VerfasserIn: | |
|---|---|
| Medienart: | Druck Buch |
| Sprache: | Deutsch |
| Veröffentlicht: |
Berlin
Duncker und Humblot
1995
|
| In: |
Münsterische Beiträge zur Rechtswissenschaft (97)
Jahr: 1995 |
| Online-Zugang: |
Inhaltstext Inhaltsverzeichnis Verlagsinformation |
| Verfügbarkeit prüfen: | HBZ Gateway |
| Subito Bestelldienst: | Jetzt bestellen. |
| Schlagwörter: |
MARC
| LEADER | 00000cam a2200000 c 4500 | ||
|---|---|---|---|
| 001 | 273757725 | ||
| 003 | DE-627 | ||
| 005 | 20260206202600.0 | ||
| 007 | tu | ||
| 008 | 960118s1995 gw ||||| m 00| ||ger c | ||
| 015 | |a 95,N50,0334 |2 dnb | ||
| 015 | |a 96,A13,0650 |2 dnb | ||
| 016 | 7 | |a 946108919 |2 DE-101 | |
| 020 | |a 3428085736 |9 3-428-08573-6 | ||
| 035 | |a (DE-627)273757725 | ||
| 035 | |a (DE-603)046234918 | ||
| 035 | |a (DE-576)049898272 | ||
| 035 | |a (DE-599)GBV273757725 | ||
| 035 | |a (OCoLC)231652808 | ||
| 035 | |a (OCoLC)54713392 | ||
| 040 | |a DE-627 |b ger |c DE-627 |e rakwb | ||
| 041 | |a ger | ||
| 044 | |c XA-DE | ||
| 084 | |a 19 |a 14 |a 16 |2 sdnb | ||
| 084 | |a PL 409 |2 rvk |0 (DE-625)rvk/137010: | ||
| 084 | |a PD 7780 |2 rvk |0 (DE-625)rvk/135380: | ||
| 084 | |a 86.22 |2 bkl | ||
| 084 | |a 86.45 |2 bkl | ||
| 100 | 1 | |a Kingreen, Thorsten |d 1965- |0 (DE-588)124943055 |0 (DE-627)368955117 |0 (DE-576)174869959 |4 aut | |
| 109 | |a Kingreen, Thorsten 1965- | ||
| 245 | 1 | 4 | |a Die verfassungsrechtliche Stellung der nichtehelichen Lebensgemeinschaft im Spannungsfeld zwischen Freiheits- und Gleichheitsrechten |c von Thorsten Kingreen |
| 264 | 1 | |a Berlin |b Duncker und Humblot |c 1995 | |
| 300 | |a 332 S. | ||
| 336 | |a Text |b txt |2 rdacontent | ||
| 337 | |a ohne Hilfsmittel zu benutzen |b n |2 rdamedia | ||
| 338 | |a Band |b nc |2 rdacarrier | ||
| 490 | 1 | |a Münsterische Beiträge zur Rechtswissenschaft |v 97 | |
| 502 | |a Zugl.: Münster (Westfalen), Univ., Diss., 1994/95 | ||
| 655 | 7 | |a Hochschulschrift |0 (DE-588)4113937-9 |0 (DE-627)105825778 |0 (DE-576)209480580 |2 gnd-content | |
| 689 | 0 | 0 | |d s |0 (DE-588)4070666-7 |0 (DE-627)104419032 |0 (DE-576)209181702 |a Eheähnliche Gemeinschaft |2 gnd |
| 689 | 0 | 1 | |d s |0 (DE-588)4022344-9 |0 (DE-627)106309382 |0 (DE-576)208943137 |a Grundrecht |2 gnd |
| 689 | 0 | |5 DE-101 | |
| 751 | |a Münster (Westf) |0 (DE-588)4040608-8 |0 (DE-627)818071567 |0 (DE-576)209041323 |4 uvp | ||
| 830 | 0 | |a Münsterische Beiträge zur Rechtswissenschaft |v 97 |9 97 |w (DE-627)129813567 |w (DE-576)028031512 |w (DE-600)271894-7 |x 0935-5383 |7 am | |
| 856 | 4 | 2 | |u https://swbplus.bsz-bw.de/bsz049898272vlg.htm |m V:DE-576 |v 2006-08-08 |3 Inhaltstext |7 1 |
| 856 | 4 | 2 | |u http://www.gbv.de/dms/spk/sbb/toc/273757725.pdf |m V:DE-601 |m B:DE-1 |q pdf/application |x Verlag |y Inhaltsverzeichnis |3 Inhaltsverzeichnis |7 1 |
| 856 | 4 | 2 | |u http://scans.hebis.de/HEBCGI/show.pl?04623491_vlg.html |m V:DE-576 |q text/html |3 Verlagsinformation |7 1 |
| 889 | |w (DE-627)090052498 | ||
| 935 | |i mdedup | ||
| 935 | |i Blocktest | ||
| 935 | |h HEB |i 0501 | ||
| 935 | |h HEB |i 0503 | ||
| 936 | r | v | |a PL 409 |b Art. 6 GG: Ehe und Familie |k Rechtswissenschaft |k Staatsrecht und Verfassungsgeschichte |k Staatsrecht und Verfassungsrecht |k Die Grund- und Menschenrechte, Grundpflichten |k Art. 6 GG: Ehe und Familie |0 (DE-627)1271267543 |0 (DE-625)rvk/137010: |0 (DE-576)201267543 |
| 936 | r | v | |a PD 7780 |b Eheähnliche Gemeinschaft (BF Nichteheliche Lebensgemeinschaft) |k Rechtswissenschaft |k Bürgerliches Recht, Privatrecht allgemein |k Familienrecht |k Eheähnliche Gemeinschaft (BF Nichteheliche Lebensgemeinschaft) |0 (DE-627)1271175274 |0 (DE-625)rvk/135380: |0 (DE-576)201175274 |
| 936 | b | k | |a 86.22 |j Familienrecht |q coli-conc RVK->BK |q https://coli-conc.gbv.de/api/mappings/43475976-dfe4-45ac-baba-38749f42cb5e |0 (DE-627)106413406 |
| 936 | b | k | |a 86.45 |j Grundrechte |0 (DE-627)106418009 |
| 936 | s | n | |a p100 |2 mzub |
| 936 | s | n | |a m200 |2 mzub |
| 936 | s | n | |a m100 |2 mzub |
| 951 | |a BO | ||
| ELC | |b 1 | ||
| LOK | |0 000 xxxxxcx a22 zn 4500 | ||
| LOK | |0 001 3098876646 | ||
| LOK | |0 003 DE-627 | ||
| LOK | |0 004 273757725 | ||
| LOK | |0 005 20151116135420 | ||
| LOK | |0 008 150728||||||||||||||||ger||||||| | ||
| LOK | |0 035 |a (DE-21-110)kd26801 | ||
| LOK | |0 040 |a DE-21-110 |c DE-627 |d DE-21-110 | ||
| LOK | |0 689 |a s |a Nichteheliche Lebensgemeinschaft | ||
| LOK | |0 852 |z Kein Bestand am IfK; Nachweis für KrimDok | ||
| LOK | |0 852 |a DE-21-110 | ||
| LOK | |0 852 1 |9 00 | ||
| LOK | |0 935 |a k110 | ||
| LOK | |0 939 |a 28-07-15 |b l01 | ||
| ORI | |a SA-MARC-krimdoka001.raw | ||
